Handbook of management techniques (Record no. 108125)

MARC details
000 -LEADER
fixed length control field 01192cam a22002535a 4500
001 - CONTROL NUMBER
control field L143339
008 - FIXED-LENGTH DATA ELEMENTS--GENERAL INFORMATION
fixed length control field 080428s2006 xxkd f 001 0 eng d
020 ## - INTERNATIONAL STANDARD BOOK NUMBER
International Standard Book Number 9780749447663
035 ## - SYSTEM CONTROL NUMBER
System control number (Sirsi) u143339
041 0# - LANGUAGE CODE
Language code of text/sound track or separate title eng
050 04 - LIBRARY OF CONGRESS CALL NUMBER
Classification number 658 $2 18
100 1# - MAIN ENTRY--PERSONAL NAME
Personal name Armstrong, Michael
245 00 - TITLE STATEMENT
Title Handbook of management techniques
Remainder of title a comprehensive guide to achieving managerial excellence and improved decision making
250 ## - EDITION STATEMENT
Edition statement 3rd ed.
260 ## - PUBLICATION, DISTRIBUTION, ETC.
Place of publication, distribution, etc. London
Name of publisher, distributor, etc. Kogan Page
Date of publication, distribution, etc. 2006
300 ## - PHYSICAL DESCRIPTION
Extent viii, 640p.
Other physical details ill.
Dimensions 24cm.
350 ## - PRICE (NR) (BK AM CF MU VM SE) [OBSOLETE]
Price 29.95
505 2# - FORMATTED CONTENTS NOTE
Formatted contents note Marketing management -- Operational management -- Financial management -- Human resource management -- Management science -- Planning and resource allocation -- Efficieny and effectiveness -- List of figures
520 ## - SUMMARY, ETC.
Summary, etc. Guide to modern management techniques includes over 100 systematic and analytical methods used to improve decision-making and managerial performance (supported by diagrams). These include: marketing management; financial management; management science and planning and resource allocation.
521 ## - TARGET AUDIENCE NOTE
Target audience note Advanced
651 #4 - SUBJECT ADDED ENTRY--GEOGRAPHIC NAME
Geographic name United Kingdom
Chronological subdivision
690 ## - LOCAL SUBJECT ADDED ENTRY--TOPICAL TERM (OCLC, RLIN)
Topical term or geographic name as entry element MANAGEMENT-BUSINESS MANAGEMENT
942 ## - ADDED ENTRY ELEMENTS (KOHA)
Suppress in OPAC 0
Holdings
Withdrawn status Lost status Source of classification or shelving scheme Damaged status Not for loan Home library Current library Shelving location Date acquired Cost, normal purchase price Total Checkouts Full call number Barcode Date last seen Date last checked out Copy number Cost, replacement price Price effective from Koha item type
    Dewey Decimal Classification     London London Books 30/07/2008 29.95 3 658 ARM 30074921 06/08/2019 01/09/2009 1 29.95 06/08/2019 Book